000 00376nam a2200145 i 4500
001 bg
100 1 _aKorczak, Andrzej.
245 0 _aPomiar prędkości i ciśnienia cieczy sondą kulową /
_cA. Korczak, G. Janik.
260 _aGdańsk,
_c1983.
700 1 _aJanik, Grzegorz.
040 _cBPK
041 _apol
942 _cKS
008 s pl f |000 0 pol
999 _c22360
_d22360
856 _uhttp://koha.tu.koszalin.pl/cgi-bin/koha/opac-detail.pl?biblionumber=22360
_yKatalog online BPK